00360 2200145 4500001002100000008004100021035002000062245003200082100001800114260002800132300002000160082001100180650001000191990001300201INLIS000000000000687 ind  a0010-0322000687 aRATU LEBAH YANG JAHATcIKHA aPUPUT MUGIATI aSURABAYAbCAHAYA AGENCY a24 hlm.c19 cm. a398.24 aFABEL a102829-1